000
00325nam a2200133Ia 4500
008
240624s9999 xx 000 0 und d
041
_a
eng
082
_a
920 FER
100
_a
FERGUSON ALEX
245
_a
ALEX FERGUSON MY AUTOBIOGRAPHY
260
_c
2013
_a
New Delhi
_b
Hachette India
300
_a
496 : p.
365
_c
RS
_b
25
999
_c
22212
_d
22212